| 000 | 01452nam a22004217a 4500 | ||
|---|---|---|---|
| 001 | 0005803 | ||
| 003 | KOHA_MİRAKIL | ||
| 005 | 20260207001459.0 | ||
| 007 | ta | ||
| 008 | 090603b2000 tu |||gr||||#||||0|tur | | ||
| 020 |
_a9757929182 _c0,01 |
||
| 040 |
_aTR-BiSEU _btur _cTR-BiSEU _erda |
||
| 041 | 0 | _atur | |
| 044 | _ctu | ||
| 050 |
_aSB975.5 _b.B59 2000 |
||
| 245 | 0 |
_aBiyolojik mücadele/ _ceditör İdris Oğurlu. |
|
| 264 | 1 |
_aIsparta : _bSüleyman Demirel Üniversitesi _c2000 |
|
| 300 | _a440 sayfa: resimli | ||
| 336 |
_ametin _btxt _2rdacontent |
||
| 337 |
_aaracısız _bn _2rdamedia |
||
| 338 |
_acilt _bnc _2rdacarrier |
||
| 490 | 1 |
_aSüleyman Demirel Üniversitesi yayın ; _vno: 8. |
|
| 490 | 1 |
_a Orman fakültesi yayın ; _vno. |
|
| 490 | 1 | _a1 | |
| 500 | _aKaynakça ve dizin var. | ||
| 650 | 0 |
_aZararlılar--Biyolojik kontrol--Türkiye. _914083 |
|
| 650 | 0 |
_aPests--Biological control--Turkey. _914084 |
|
| 650 | 0 |
_aOrman böcekleri--Biyolojik kontrol--Türkiye. _914085 |
|
| 650 | 0 |
_aForest insects--Biological control--Turkey. _914086 |
|
| 650 | 0 |
_aBöcek zararlılar--Biyolojik kontrol. _914087 |
|
| 650 | 0 |
_aInsect pests--Biological control. _914088 |
|
| 650 | 0 |
_aYararlı kuşlar--Türkiye. _914089 |
|
| 650 | 0 |
_aBeneficial birds--Turkey. _914090 |
|
| 830 | 1 |
_aSüleyman Demirel Üniversitesi yayın ; _vno: 8. _914091 |
|
| 830 | 1 |
_a Orman fakültesi yayın ; _vno. _914092 |
|
| 830 | 1 |
_a1 _92570 |
|
| 942 |
_2lcc _cBK |
||
| 999 |
_c5784 _d5784 |
||